Victoires de la France (1789-1962) - Statistiques

Statistiques générales
  • Ce quiz a été pris 112 fois
  • Le résultat moyen est 25 sur 63
Statistiques - réponses
Ennemis % Correct
Allemagne Verdun
80%
Austerlitz
74%
Iéna
70%
Napoléon Ier
64%
Autriche et Russie 1805
63%
1914
63%
Régence d'Alger Alger
63%
FLN Alger
63%
1916
62%
Allemagne La Marne
62%
Saxe et Prusse 1806
60%
1918
60%
Bonaparte
60%
Bonaparte
60%
Saint Empire 1800
58%
Valmy
58%
Bonaparte
57%
Bonaparte
57%
1944
56%
1807
55%
Prusse-Saint Empire-Emigrés 1792
53%
Saint Empire 1792
53%
Empire ottoman-Britanniques 1799
53%
1812
53%
Mamelouks 1798
51%
1957
51%
Napoléon Ier
51%
Napoléon Ier
51%
Napoléon Ier
51%
Saint-Empire 1796
49%
Saint Empire-Provinces unies 1794
47%
1942
47%
Saint Empire 1793
45%
Allemagne-Milice française Paris
45%
Pyramides
40%
Russie Sébastopol
37%
Joffre
36%
Joffre
36%
1855
35%
1830
34%
Leclerc
33%
Marengo
29%
Russie et Prusse Eylau
27%
1885
23%
Allemagne-Italie Bir Hakeim
23%
Aboukir (2ème)
21%
Arcole
21%
Kellerman
16%
Massu
16%
Russie La Moskowa
15%
Fleurus
12%
Jourdan
10%
Jourdan
10%
Dumouriez
8%
Koenig
7%
Allemagne Amiens
6%
Jemappes
6%
Wattignies
3%
Canrobert
2%
Bourmont
1%
Dominé
1%
Chine-Pavillons noirs Tuyên Quang
1%
Debeney
0%
Aucun quiz correspondant
Distribution des résultats
% des personnes avec chaque résultat
Percentile par nombre de réponses
Votre historique - résultats
Vous n’avez pas pris ce quiz